El impuesto a la renta

Сохранить в:
Библиографические подробности
Главный автор: Massone Parodi, Pedro (autor)
Формат:
Язык:испанский
Опубликовано: Valparaíso EDEVAL 1996
Серии:Estudios y Monografías, 29
Предметы:
Метки: Добавить метку
Нет меток, Требуется 1-ая метка записи!

MARC

LEADER 00000nam a2200000 a 4500
001 UCT9927
003 CL-VaPUC
008 970412e19960000CL |||||||||||||||||spa|d
020 |a 9562000664 
082 0 4 |a 343.052  |b MAS  |2 21 
100 |a Massone Parodi, Pedro  |e autor  |9 766118 
245 1 3 |a El impuesto a la renta 
300 |a 445 p 
942 |c BK 
945 |d 19970412 00:00:00  |a rleighto 
260 |a Valparaíso  |b EDEVAL  |c 1996 
650 0 |a Derecho tributario  |9 258895 
650 0 |a Impuesto a la renta  |9 258171 
650 0 |a Tributación   |9 258429 
650 0 |a Impuestos  |9 255450 
583 |a last modification  |c 19970412 00:00:00  |k Rodrigo Vera 
490 0 |a Estudios y Monografías, 29 
999 |c 258265  |d 258263 
952 |0 0  |1 0  |4 0  |6 343_052000000000000_MAS_1996  |7 0  |8 A  |9 282221  |a BIBDER  |b BIBDER  |d 2019-11-19  |i 3299481  |o 343.052 MAS 1996  |p 3299481  |r 2023-01-25  |w 2019-11-19  |y BK  |k DER